书目信息 |
| 题名: |
大地构造学基础及中国区域构造概要
|
|
| 作者: | 黄邦强 编 | |
| 分册: | ||
| 出版信息: | 北京 地质出版社 1984 |
|
| 页数: | 212页 | |
| 开本: | 25cm | |
| 丛书名: | ||
| 单 册: | ||
| 中图分类: | P54 | |
| 科图分类: | ||
| 主题词: | 大地构造学 , 构造地质学--概况--中国 | |
| 电子资源: | ||
| ISBN: | ||
| 000 | 00711nam0 2200253 45 | |
| 001 | 0184009446 | |
| 005 | 20040701151615.9 | |
| 010 | @dCNY1.90 | |
| 091 | @a15038.教167 | |
| 100 | @a19950530d1984 kemy0chiy0121 ea | |
| 101 | 0 | @achi |
| 102 | @aCN@b110000 | |
| 105 | @ay z 000yy | |
| 106 | @ar | |
| 200 | 10 | @a大地构造学基础及中国区域构造概要@Ada di gou zao xue ji chu ji zhong guo qu yu gou zao gai yao@f黄邦强等编 |
| 210 | @a北京@c地质出版社@d1984 | |
| 215 | @a212页@d25cm | |
| 606 | @a大地构造学 | |
| 606 | @a构造地质学@x概况@y中国 | |
| 690 | @aP54@v3 | |
| 701 | 0 | @a黄邦强@Ahuang bang qiang@4编 |
| 801 | 0 | @aCN@b上海图书馆@c20040524 |
| 801 | 2 | @aCN@bNLC@c20040524 |
| 905 | @dP54@e16@f1@b123148 | |
| 大地构造学基础及中国区域构造概要/黄邦强等编.-北京:地质出版社,1984 |
| 212页;25cm |
| ISBN :CNY1.90 |
| ● |
| 相关链接 |
|
|
|
|
正题名:大地构造学基础及中国区域构造概要
索取号:P54/16
 
预约/预借
| 序号 | 登录号 | 条形码 | 馆藏地/架位号 | 状态 | 备注 |
| 1 | 0123148 | 001944695 | 第三借阅区/ [索取号:P54/16] | 在馆 | |
| 2 | 0123149 | 000073538 | 第三借阅区/ [索取号:P54/16] | 在馆 | |
| 3 | 0123150 | 000073529 | 第二样本阅览室/ [索取号:P54/16] | 在馆 |